000 00612nam a2200229Ia 4500
003 OSt
005 20221005123830.0
006 a|||||r|||| 00| 0
007 ta
008 221004b |||||||| |||| 00| 0 mal d
024 _a53948
037 _cTextual
040 _aCRL
_cCRL
_bmal
041 _2mal
_amal
082 _aO32v222.N1, J8
100 _aNambiar Sankaran Au.
_9634286
245 0 _aMalayala sahityacharitra samgraham
260 _c1958
650 _aMALAYALAM LITERATURE
_938866
942 _hO32v222.N1, J8
_cTEXL
_2cc
999 _c1048637
_d1048637